XMAP panel pro detekci vybraných bakteriálních patogenů v rostlinné matrici /

Hlavní autor: Slaná, Iva
Další autoři: Nesvadbová, Michaela, Hulánková, Radka
Jazyk: Čeština
Vydáno: Brno : Výzkumný ústav veterinárního lékařství, v.v.i., [2021]
Edice: Prototyp/Funkční vzorek ; 1775/2021
Témata:
Fyzický popis: 17, 6 stran ; 21 cm
Knihy
Uloženo v:
LEADER 02022nam a2200517 i 4500
001 nkc20213327617
003 CZ PrNK
005 20210809101309.0
007 ta
008 210610s2021 xr f f 000 0 cze
015 |a cnb003327617 
020 |a 978-80-7672-008-4  |q (brožováno) 
035 |a (OCoLC)1263263831 
040 |a OLA001  |b cze  |d ABA001  |e rda 
072 7 |a 632  |x Ochrana rostlin. Fytopatologie  |2 Konspekt  |9 24 
080 |a 632.35  |2 MRF 
080 |a 57.082/.089  |2 MRF 
080 |a 632.9  |2 MRF 
080 |a (083.94:0.067)  |2 MRF 
100 1 |a Slaná, Iva  |7 uzp2009545460  |4 aut 
245 1 0 |a XMAP panel pro detekci vybraných bakteriálních patogenů v rostlinné matrici /  |c Iva Slaná, Michaela Nesvadbová, Radka Hulánková 
264 1 |a Brno :  |b Výzkumný ústav veterinárního lékařství, v.v.i.,  |c [2021] 
300 |a 17, 6 stran ;  |c 21 cm 
336 |a text  |b txt  |2 rdacontent 
337 |a bez média  |b n  |2 rdamedia 
338 |a svazek  |b nc  |2 rdacarrier 
490 1 |a Prototyp/Funkční vzorek ;  |v 1775/2021 
504 |a Obsahuje bibliografii 
650 0 7 |a bakteriální nemoci rostlin  |7 ph139008  |2 czenas 
650 0 7 |a laboratorní technika  |7 ph122168  |2 czenas 
650 0 7 |a ochrana rostlin  |7 ph123664  |2 czenas 
650 0 9 |a bacterial diseases of plants  |2 eczenas 
650 0 9 |a laboratory techniques  |2 eczenas 
650 0 9 |a plant conservation  |2 eczenas 
653 0 |a funkční vzorek 
655 7 |a projektové dokumenty  |7 fd987232  |2 czenas 
655 9 |a project documents  |2 eczenas 
700 1 |a Nesvadbová, Michaela  |7 mzk20191027064  |4 aut 
700 1 |a Hulánková, Radka  |7 uzp2012699287  |4 aut 
810 2 |a Výzkumný ústav veterinárního lékařství.  |t Funkční vzorek  |0 s 
910 2 |a BOA001  |b 2-1469.400 
990 |a BK 
995 |a 01 
991 |b 202107  |c NOV 
996 6 |b 2610871695  |c 2-1469.400  |l MZK  |r Sklad / do 1 hodiny  |n 0  |p p.v.  |w 001857474  |u 000010  |a 1  |e BOA001  |j MZK50  |s P 
996 7 |b 2610871696  |c 2-1469.400  |l MZK  |r Sklad / do 1 hodiny  |n 0  |p p.v.  |w 001857474  |u 000020  |a 1  |e BOA001  |j MZK50  |s A